LEADER 01346nam--2200409---450- 001 990000373880203316 005 20090112140511.0 010 $a88-464-2662-2 035 $a0037388 035 $aUSA010037388 035 $a(ALEPH)000037388USA01 035 $a0037388 100 $a20010326d2001----km-y0itay0103----ba 101 0 $aita 102 $aIT 105 $a||||||||001yy 200 1 $a<> reporting della performance aziendale$eun'applicazione al settore delle aziende di pubblici servizi in Italia, Francia e Gran Bretagna$fGiuseppe Bruni, Fabrizio Di Lazzaro, Giuseppe Gatti 210 $aMilano$cFranco Angeli$dcopyr. 2001 215 $a266 p.$d24 cm 225 2 $aEconomia$hsez. 5.$v120 410 0$12001$aEconomia$hsez. 5.$v120 606 $aAziende$xGestione 676 $a658 700 1$aBRUNI,$bGiuseppe$0298557 701 1$aDI LAZZARO,$bFabrizio$0107407 702 1$aGATTI,$bGiuseppe 801 0$aIT$bsalbc$gISBD 912 $a990000373880203316 951 $a658 BRU 1 (IRA 15 106)$b8897 E.C.$cIRA 15$d00072067 959 $aBK 969 $aECO 979 $aTAMI$b40$c20010326$lUSA01$h1245 979 $c20020403$lUSA01$h1645 979 $aPATRY$b90$c20040406$lUSA01$h1626 979 $aRSIAV3$b90$c20090112$lUSA01$h1405 996 $aReporting della performance aziendale$9877636 997 $aUNISA LEADER 02573oas 2200853 a 450 001 9910229185103321 005 20251024110026.0 011 $a1875-984X 035 $a(DE-599)ZDB2508925-0 035 $a(OCoLC)437399927 035 $a(CONSER) 2009242303 035 $a(CKB)1000000000708207 035 $a(DE-599)2508925-0 035 $a(EXLCZ)991000000000708207 100 $a20090922a20099999 uy 101 0 $aeng 135 $aurcn#|||||||| 181 $ctxt$2rdacontent 182 $cc$2rdamedia 183 $acr$2rdacarrier 200 00$aGlobal responsibility to protect 210 $aLeiden ;$aBoston $cMartinus Nijhoff Publishers 215 $a1 online resource 300 $aRefereed/Peer-reviewed 311 08$a1875-9858 517 1 $aGR2P 517 3 $aGlobal Resp. Protect 606 $aHumanitarian intervention$vPeriodicals 606 $aGenocide intervention$vPeriodicals 606 $aPeace-building$xInternational cooperation$vPeriodicals 606 $aHumanitarian intervention$2fast$3(OCoLC)fst00963572 606 $aGenocide intervention$2fast$3(OCoLC)fst01746033 606 $aPeace-building$2fast$3(OCoLC)fst01055902 606 $aInternational cooperation$2fast$3(OCoLC)fst00976857 606 $aDroit d'inge?rence humanitaire$vPe?riodiques 606 $aDevoir d'inge?rence antige?nocidaire$vPe?riodiques 606 $aConsolidation de la paix$xCoope?ration internationale$vPe?riodiques 608 $aPeriodicals.$2fast 608 $aperiodicals.$2aat 608 $aPeriodicals.$2lcgft 608 $aPe?riodiques.$2rvmgf 615 0$aHumanitarian intervention 615 0$aGenocide intervention 615 0$aPeace-building$xInternational cooperation 615 7$aHumanitarian intervention. 615 7$aGenocide intervention. 615 7$aPeace-building. 615 7$aInternational cooperation. 615 6$aDroit d'inge?rence humanitaire 615 6$aDevoir d'inge?rence antige?nocidaire 615 6$aConsolidation de la paix$xCoope?ration internationale 801 0$bMYG 801 1$bMYG 801 2$bDOS 801 2$bOCLCQ 801 2$bDOS 801 2$bOCLCQ 801 2$bVT2 801 2$bUUM 801 2$bBWN 801 2$bDLC 801 2$bOCLCQ 801 2$bUAB 801 2$bFIE 801 2$bMGSOL 801 2$bOCLCF 801 2$bYOR 801 2$bTXQ 801 2$bWWL 801 2$bUEJ 906 $aJOURNAL 912 $a9910229185103321 996 $aGlobal responsibility to protect$92565637 997 $aUNINA